[Event "Titled Tuesday intern op 25th Mar Early"]
[Site "Chess.com INT"]
[Date "2025.03.25"]
[Round "7"]
[White "Araujo Filho, Luiz Antonio"]
[Black "Pakhomov, Egor"]
[Result "1-0"]
[WhiteElo "2077"]
[BlackElo "2366"]
[PlyCount "131"]
[EventDate "2025.03.25"]
[EventType "swiss (blitz)"]
[EventRounds "11"]
[EventCountry "USA"]
[SourceTitle "CB14_2025"]
[SourceDate "2024.11.01"]
[SourceVersion "1"]
[SourceVersionDate "2024.11.01"]
[SourceQuality "1"]

1. d4 d5 2. Nf3 Nf6 3. e3 c5 4. c3 cxd4 5. exd4 Nc6 6. Nbd2 Bg4 7. Qa4 Bd7 8. Qd1 Bf5 9. Qa4 a6 10. Ne5 Qc7 11. Ndf3 b5 12. Bxb5 axb5 13. Qxa8+ Nd8 14. 0-0 e6 15. a4 bxa4 16. Rxa4 Be7 17. Ra7 Qd6 18. Ra6 Qc7 19. Rc6 Qb7 20. Qxb7 Nxb7 21. Rc7 Nd8 22. Be3 Bd6 23. Ra7 0-0 24. Nd7 Nc6 25. Nxf6+ gxf6 26. Ra6 Rc8 27. Rfa1 Bb8 28. Rb6 Ne7 29. Ra8 Bxh2+ 30. Kxh2 Rxa8 31. b4 Nc8 32. Rc6 Na7 33. Rc5 Rc8 34. Nh4 Rxc5 35. dxc5 Bd3 36. f4 Nb5 37. Bd2 Na7 38. Kg3 Nc6 39. Kf2 e5 40. Ke3 Bc4 41. Nf3 d4+ 42. cxd4 exd4+ 43. Ke4 d3 44. Nd4 Nxd4 45. Kxd4 Bb5 46. Kd5 Kf8 47. Kd6 Ke8 48. Kc7 Ke7 49. Kb6 Bd7 50. b5 Bc8 51. Kc7 Bf5 52. c6 Be4 53. b6 Ke6 54. b7 Kf5 55. b8Q Kg4 56. Qg8+ Bg6 57. Kd6 Kf5 58. c7 Ke4 59. c8Q Kd4 60. Qc3+ Ke4 61. Qe8+ Kf5 62. Qxd3+ Kg4 63. Qee2+ Kh4 64. Qf2+ Kg4 65. Qdf3+ Kf5 66. Qc5# 1-0

[Event "Titled Tuesday intern op 25th Mar Early"]
[Site "Chess.com INT"]
[Date "2025.03.25"]
[Round "3"]
[White "Manon Og, Ramon Jr"]
[Black "Pakhomov, Egor"]
[Result "1-0"]
[WhiteElo "1936"]
[BlackElo "2366"]
[PlyCount "79"]
[EventDate "2025.03.25"]
[EventType "swiss (blitz)"]
[EventRounds "11"]
[EventCountry "USA"]
[SourceTitle "CB14_2025"]
[SourceDate "2024.11.01"]
[SourceVersion "1"]
[SourceVersionDate "2024.11.01"]
[SourceQuality "1"]

1. e4 c5 2. Nf3 d6 3. Bb5+ Nd7 4. a4 a6 5. Be2 g6 6. Nc3 Bg7 7. 0-0 e6 8. d4 cxd4 9. Nxd4 Ne7 10. Bg5 h6 11. Bh4 Qc7 12. Bxe7 Kxe7 13. Qd2 Qb6 14. Nb3 Nc5 15. Nd4 Nxe4 16. Nxe4 Qxd4 17. Bd3 Bd7 18. Qa5 Rhc8 19. Rfe1 Bc6 20. Rad1 Qd5 21. Qb4 f5 22. Bc4 a5 23. Qb3 Qxd1 24. Rxd1 Bxe4 25. c3 d5 26. Qxb7+ Kf6 27. Bb5 Rab8 28. Qa7 Ra8 29. Qe3 Kf7 30. Qe2 f4 31. Bd7 Rc7 32. Bxe6+ Kxe6 33. f3 Kf5 34. fxe4+ dxe4 35. Rd5+ Be5 36. g4+ fxg3 37. hxg3 Rf7 38. g4+ Kf4 39. Qf2+ Kxg4 40. Qxf7 1-0

[Event "Titled Tuesday intern op 25th Mar Early"]
[Site "Chess.com INT"]
[Date "2025.03.25"]
[Round "8"]
[White "Neustroev, Victor"]
[Black "Pakhomov, Egor"]
[Result "0-1"]
[WhiteElo "2283"]
[BlackElo "2366"]
[PlyCount "136"]
[EventDate "2025.03.25"]
[EventType "swiss (blitz)"]
[EventRounds "11"]
[EventCountry "USA"]
[SourceTitle "CB14_2025"]
[SourceDate "2024.11.01"]
[SourceVersion "1"]
[SourceVersionDate "2024.11.01"]
[SourceQuality "1"]

1. e4 c5 2. Nf3 d6 3. d4 cxd4 4. Nxd4 Nf6 5. Nc3 a6 6. Nb3 e5 7. Bg5 Be6 8. Qd3 Nbd7 9. 0-0-0 Be7 10. Kb1 Rc8 11. g3 Nc5 12. Nxc5 dxc5 13. f4 Qxd3 14. Bxd3 Ng4 15. Bxe7 Kxe7 16. f5 Bd7 17. Nd5+ Ke8 18. Nb6 Rd8 19. Bc4 Nf2 20. Rxd7 Rxd7 21. Nxd7 Kxd7 22. Re1 Ke7 23. Bd5 b6 24. c3 Ng4 25. a4 Nxh2 26. Bc4 a5 27. Be2 h5 28. Rh1 h4 29. g4 Nxg4 30. Bxg4 Kf6 31. Kc2 Kg5 32. Be2 h3 33. Kd3 Kf4 34. Rf1+ Kg3 35. Ke3 h2 36. Bf3 g5 37. fxg6 fxg6 38. Bh1 Rd8 39. Rf3+ Kg4 40. Rf2 Kh3 41. Bg2+ Kg3 42. Bf3 Rd1 43. Rg2+ Kh3 44. Rxg6 h1Q 45. Rh6+ Kg3 46. Rxh1 Rd8 47. Rh5 Rf8 48. Rf5 Rh8 49. Rg5+ Kh3 50. Rh5+ Rxh5 51. Bxh5 Kg3 52. Bf3 Kh4 53. Be2 Kg3 54. Bc4 Kg2 55. Ke2 Kg3 56. Ke3 Kg4 57. Be2+ Kg3 58. Bd3 Kg4 59. Bc2 Kg3 60. Kd3 Kf2 61. Kc4 Ke2 62. Kb5 Kd2 63. Bb1 Kc1 64. Ba2 Kxb2 65. Bd5 Kxc3 66. Bc6 Kd4 67. Kxb6 c4 68. Kxa5 c3 0-1

[Event "Titled Tuesday intern op 25th Mar Early"]
[Site "Chess.com INT"]
[Date "2025.03.25"]
[Round "4"]
[White "Pakhomov, Egor"]
[Black "Sriansh, Das"]
[Result "0-1"]
[WhiteElo "2366"]
[BlackElo "2286"]
[PlyCount "118"]
[EventDate "2025.03.25"]
[EventType "swiss (blitz)"]
[EventRounds "11"]
[EventCountry "USA"]
[SourceTitle "CB14_2025"]
[SourceDate "2024.11.01"]
[SourceVersion "1"]
[SourceVersionDate "2024.11.01"]
[SourceQuality "1"]

1. d4 d5 2. Nf3 Nf6 3. c4 dxc4 4. Nc3 c5 5. e3 cxd4 6. Qxd4 Qxd4 7. Nxd4 e5 8. Nf3 Nc6 9. Bxc4 a6 10. Ng5 Nd8 11. Nd5 Nxd5 12. Bxd5 f6 13. Ne4 Bb4+ 14. Bd2 Bxd2+ 15. Kxd2 Be6 16. Bxe6 Nxe6 17. Rac1 Ke7 18. Nc5 Rhd8+ 19. Ke2 Nxc5 20. Rxc5 Rac8 21. Rhc1 Rxc5 22. Rxc5 Kd6 23. Rc3 Rd7 24. Kf3 Ke6 25. Rb3 b5 26. Rc3 Rd2 27. Rc6+ Kf5 28. g4+ Kg6 29. Rxa6 Rxb2 30. Rb6 Rb4 31. a4 Rxa4 32. Rxb5 h5 33. gxh5+ Kxh5 34. Rb7 g6 35. Rh7+ Kg5 36. Rh8 Rh4 37. Rxh4 Kxh4 38. Kg2 e4 39. h3 g5 40. Kh2 f5 41. Kg2 f4 42. Kh2 f3 43. Kh1 Kxh3 44. Kg1 g4 45. Kh1 g3 46. fxg3 Kxg3 47. Kg1 Kh4 48. Kh2 Kg4 49. Kh1 Kh3 50. Kg1 Kg3 51. Kh1 Kg4 52. Kg1 Kf5 53. Kf2 Ke5 54. Ke1 Kd5 55. Kd2 Kc4 56. Kc2 f2 57. Kd2 f1Q 58. Kc2 Qe2+ 59. Kb1 Kb3 0-1

[Event "Titled Tuesday intern op 25th Mar Early"]
[Site "Chess.com INT"]
[Date "2025.03.25"]
[Round "9"]
[White "Pakhomov, Egor"]
[Black "Vila Dupla, Aurelio"]
[Result "1/2-1/2"]
[WhiteElo "2366"]
[BlackElo "2056"]
[PlyCount "40"]
[EventDate "2025.03.25"]
[EventType "swiss (blitz)"]
[EventRounds "11"]
[EventCountry "USA"]
[SourceTitle "CB14_2025"]
[SourceDate "2024.11.01"]
[SourceVersion "1"]
[SourceVersionDate "2024.11.01"]
[SourceQuality "1"]

1. d4 Nf6 2. Nf3 g6 3. c4 Bg7 4. Nc3 d5 5. Bg5 Ne4 6. cxd5 Nxg5 7. Nxg5 e6 8. Nf3 exd5 9. e3 0-0 10. b4 Re8 11. Be2 c6 12. 0-0 a6 13. a4 Bf8 14. b5 Bd6 15. bxc6 bxc6 16. Qc2 Bf5 17. Bd3 Bg4 18. Be2 Bf5 19. Bd3 Bg4 20. Be2 Bf5 1/2-1/2

[Event "Titled Tuesday intern op 25th Mar Early"]
[Site "Chess.com INT"]
[Date "2025.03.25"]
[Round "11"]
[White "Pechy, Alaster"]
[Black "Pakhomov, Egor"]
[Result "1/2-1/2"]
[WhiteElo "2098"]
[BlackElo "2366"]
[PlyCount "89"]
[EventDate "2025.03.25"]
[EventType "swiss (blitz)"]
[EventRounds "11"]
[EventCountry "USA"]
[SourceTitle "CB14_2025"]
[SourceDate "2024.11.01"]
[SourceVersion "1"]
[SourceVersionDate "2024.11.01"]
[SourceQuality "1"]

1. d4 d5 2. Nf3 Nf6 3. c4 c6 4. Nc3 dxc4 5. a4 Bf5 6. e3 e6 7. Bxc4 Bb4 8. 0-0 0-0 9. Qe2 Nbd7 10. e4 Bg6 11. e5 Nd5 12. Ne4 Be7 13. Rd1 N7b6 14. Bb3 a5 15. Bd2 Nb4 16. Bc3 N6d5 17. g3 h5 18. h4 Bf5 19. Nfg5 g6 20. Rd2 Kg7 21. Bd1 Bg4 22. f3 Bf5 23. Qg2 Bxe4 24. Nxe4 Ne3 25. Qe2 Nxd1 26. Raxd1 Nd5 27. f4 Qd7 28. Ng5 Bxg5 29. fxg5 b5 30. axb5 cxb5 31. Rd3 b4 32. Be1 Rfc8 33. Rf3 Rc7 34. Rf6 Nxf6 35. gxf6+ Kf8 36. Qe3 Qd5 37. Qh6+ Ke8 38. Qg7 Qb3 39. Qg8+ Kd7 40. Qxf7+ Kc8 41. Qe8+ Kb7 42. Qb5+ Kc8 43. Qe8+ Kb7 44. Qb5+ Kc8 45. Qe8+ 1/2-1/2

[Event "Titled Tuesday intern op 25th Mar Early"]
[Site "Chess.com INT"]
[Date "2025.03.25"]
[Round "2"]
[White "Valgmae, Toomas"]
[Black "Pakhomov, Egor"]
[Result "1-0"]
[WhiteElo "2270"]
[BlackElo "2366"]
[PlyCount "135"]
[EventDate "2025.03.25"]
[EventType "swiss (blitz)"]
[EventRounds "11"]
[EventCountry "USA"]
[SourceTitle "CB14_2025"]
[SourceDate "2024.11.01"]
[SourceVersion "1"]
[SourceVersionDate "2024.11.01"]
[SourceQuality "1"]

1. d4 d5 2. c4 c6 3. Nc3 Nf6 4. Nf3 dxc4 5. a4 Bf5 6. Ne5 Nbd7 7. Nxc4 Qc7 8. g3 e5 9. dxe5 Nxe5 10. Bf4 Nfd7 11. Bg2 g5 12. Ne3 gxf4 13. Nxf5 fxg3 14. hxg3 0-0-0 15. Qc2 a5 16. Rc1 Bb4 17. 0-0 h5 18. Ne4 Nb6 19. Rfd1 Rxd1+ 20. Rxd1 Rd8 21. b3 Rxd1+ 22. Qxd1 Nd5 23. e3 Ng4 24. Bf3 Ndf6 25. Nxf6 Nxf6 26. Bxh5 Qe5 27. Bg4 Nxg4 28. Qxg4 Qe6 29. Qg8+ Kc7 30. Nd4 Qd5 31. Qe8 Bc5 32. Qh8 Bxd4 33. Qxd4 Qxb3 34. g4 Qb1+ 35. Kg2 Qb3 36. e4 Qe6 37. e5 b6 38. Kg3 c5 39. Qe4 f6 40. f4 fxe5 41. Qxe5+ Qxe5 42. fxe5 Kd7 43. g5 Ke6 44. g6 b5 45. axb5 c4 46. b6 c3 47. b7 c2 48. b8Q c1Q 49. Qd6+ Kf5 50. Qf6+ Ke4 51. g7 Qg1+ 52. Kh4 Qh2+ 53. Kg5 Qg3+ 54. Kh6 Qh3+ 55. Kg6 Qg4+ 56. Kf7 Qd7+ 57. Kf8 Qc8+ 58. Kf7 Qd7+ 59. Qe7 Qf5+ 60. Kg8 Qc8+ 61. Kh7 Qh3+ 62. Kg6 Qg4+ 63. Qg5 Qe6+ 64. Kh7 Qh3+ 65. Qh6 Qd7 66. Kh8 Kxe5 67. g8Q Kd4 68. Qd2+ 1-0

[Event "Titled Tuesday intern op 11th Mar Early"]
[Site "Chess.com INT"]
[Date "2025.03.11"]
[Round "4"]
[White "Pakhomov, Egor"]
[Black "Fronda Pascua, Jan Jodilyn"]
[Result "1-0"]
[WhiteElo "2366"]
[BlackElo "2120"]
[PlyCount "67"]
[EventDate "2025.03.11"]
[EventType "swiss (blitz)"]
[EventRounds "11"]
[EventCountry "USA"]
[SourceTitle "CB12_2025"]
[SourceDate "2025.03.19"]
[SourceVersion "1"]
[SourceVersionDate "2025.03.19"]
[SourceQuality "1"]

1. d4 Nf6 2. Nf3 g6 3. c4 Bg7 4. Nc3 c5 5. d5 0-0 6. e4 d6 7. Be2 b5 8. cxb5 a6 9. b6 Qxb6 10. 0-0 a5 11. Nd2 Ba6 12. Nc4 Qc7 13. a4 Nbd7 14. f3 Rfb8 15. Na3 Bxe2 16. Qxe2 Rb4 17. Nab5 Qb6 18. Be3 Ne8 19. Rfb1 Ne5 20. Na2 Rb3 21. Nac3 Rb4 22. Na2 Rxa4 23. b3 Rb4 24. Nxb4 Nc7 25. Nxc7 Qxc7 26. Nc2 Rb8 27. Ra3 c4 28. Nd4 Nd3 29. Nc6 Rb4 30. Nxb4 axb4 31. Ra8+ Bf8 32. Bh6 Qc5+ 33. Kh1 Nf2+ 34. Qxf2 1-0

[Event "Titled Tuesday intern op 04th Mar Early"]
[Site "Chess.com INT"]
[Date "2025.03.04"]
[Round "2"]
[White "Pakhomov, Egor"]
[Black "Gostev, Serghei"]
[Result "0-1"]
[WhiteElo "2366"]
[BlackElo "2258"]
[PlyCount "56"]
[EventDate "2025.03.04"]
[EventType "swiss (blitz)"]
[EventRounds "11"]
[EventCountry "USA"]
[SourceTitle "CB11_2025"]
[SourceDate "2025.03.12"]
[SourceVersion "1"]
[SourceVersionDate "2025.03.12"]
[SourceQuality "1"]

1. d4 d5 2. Nf3 Nf6 3. c4 e6 4. Nc3 c5 5. cxd5 cxd4 6. Nxd4 Nxd5 7. Nb3 Bb4 8. Bd2 Nxc3 9. Bxc3 Bxc3+ 10. bxc3 Qc7 11. Rc1 0-0 12. e3 e5 13. Qc2 Be6 14. Bd3 h6 15. c4 Nc6 16. 0-0 Nb4 17. Qe2 Nxd3 18. Qxd3 Rac8 19. c5 Rfd8 20. Qe4 Bd5 21. Qb4 Qe7 22. Qa5 Qg5 23. g3 Bf3 24. Qb4 Qf5 25. g4 Bxg4 26. f3 Bxf3 27. Nd2 Qg5+ 28. Kf2 Qg2+ 0-1

[Event "Titled Tuesday intern op 25th Feb Early"]
[Site "Chess.com INT"]
[Date "2025.02.25"]
[Round "5"]
[White "Jai, Sankar Subramanian"]
[Black "Pakhomov, Egor"]
[Result "1/2-1/2"]
[WhiteElo "2315"]
[BlackElo "2366"]
[PlyCount "124"]
[EventDate "2025.02.25"]
[EventType "swiss (blitz)"]
[EventRounds "11"]
[EventCountry "USA"]
[SourceTitle "CB10_2025"]
[SourceDate "2025.03.05"]
[SourceVersion "1"]
[SourceVersionDate "2025.03.05"]
[SourceQuality "1"]

1. Nf3 Nf6 2. c4 c6 3. Nc3 d5 4. cxd5 cxd5 5. d4 Nc6 6. e3 Bf5 7. Bd3 Bxd3 8. Qxd3 e6 9. 0-0 Bd6 10. e4 dxe4 11. Nxe4 Nxe4 12. Qxe4 0-0 13. Ng5 g6 14. Nf3 Kg7 15. Bg5 Be7 16. Be3 h6 17. Qf4 Bg5 18. Nxg5 Qxg5 19. Qxg5 hxg5 20. Rfd1 Rad8 21. Bxg5 Rd5 22. Be3 Rfd8 23. Kf1 Nxd4 24. Bxd4+ Rxd4 25. Ke2 Re4+ 26. Kf3 Rxd1 27. Rxd1 Rb4 28. b3 Rb6 29. Rd7 Ra6 30. Rxb7 Rxa2 31. h4 a5 32. g3 a4 33. bxa4 Rxa4 34. Kg2 Ra5 35. Rc7 Rd5 36. Kh3 Rd2 37. Kg2 Ra2 38. Rc3 Ra5 39. Rc2 Rf5 40. g4 Rf4 41. Kg3 Ra4 42. f3 Ra3 43. Rc7 Rb3 44. Rc5 Ra3 45. h5 gxh5 46. Rxh5 Ra4 47. Rc5 Kf6 48. Rc7 Rb4 49. Rc8 Kg7 50. Rc2 Rb3 51. Re2 Kf6 52. Rh2 Kg7 53. Rh5 Ra3 54. Rg5+ Kf6 55. Rg8 Rb3 56. g5+ Ke7 57. g6 fxg6 58. Rxg6 Rb1 59. Kf4 Rb4+ 60. Kg3 Rb1 61. Kg2 Rb2+ 62. Kg3 Rb1 1/2-1/2

[Event "Titled Tuesday intern op 25th Feb Early"]
[Site "Chess.com INT"]
[Date "2025.02.25"]
[Round "4"]
[White "Punin, Andrii"]
[Black "Pakhomov, Egor"]
[Result "1-0"]
[WhiteElo "2289"]
[BlackElo "2366"]
[PlyCount "109"]
[EventDate "2025.02.25"]
[EventType "swiss (blitz)"]
[EventRounds "11"]
[EventCountry "USA"]
[SourceTitle "CB10_2025"]
[SourceDate "2025.03.05"]
[SourceVersion "1"]
[SourceVersionDate "2025.03.05"]
[SourceQuality "1"]

1. e4 c5 2. Nf3 d6 3. Bb5+ Nd7 4. a4 a6 5. Be2 Ngf6 6. Nc3 b6 7. d4 cxd4 8. Qxd4 Bb7 9. 0-0 g6 10. e5 dxe5 11. Nxe5 Nxe5 12. Qxe5 Bg7 13. Be3 0-0 14. Rfd1 Nd5 15. Qg3 e6 16. Nxd5 exd5 17. Bd4 Bxd4 18. Rxd4 Qf6 19. c3 Rac8 20. h4 Rfe8 21. Bd3 Qe5 22. Qxe5 Rxe5 23. Rb4 Rc6 24. Kf1 Rce6 25. a5 b5 26. Rd4 Bc8 27. f3 Rd6 28. Re1 Rxe1+ 29. Kxe1 Be6 30. Kd2 Rc6 31. Bc2 Kg7 32. Bb3 Rc5 33. Ba2 Kf6 34. b4 Rc8 35. Bxd5 Ke7 36. Bb7 Rc7 37. Bxa6 Bc4 38. g3 f5 39. g4 fxg4 40. fxg4 Ke6 41. Rd8 Ke5 42. Ke3 Ra7 43. Bc8 Rf7 44. a6 Ra7 45. Bb7 Be6 46. g5 Kf5 47. Rh8 Kg4 48. Rxh7 Bf5 49. Bf3+ Kg3 50. Rxa7 Kxh4 51. Kf4 Bg4 52. Rh7+ Bh5 53. Rg7 Bg4 54. a7 Bc8 55. Rh7# 1-0

[Event "Issykkul op"]
[Site "Korumdu"]
[Date "2023.07.18"]
[Round "8"]
[White "Mosadeghpour, Masoud"]
[Black "Pakhomov, Egor"]
[Result "0-1"]
[WhiteElo "2484"]
[BlackElo "2408"]
[PlyCount "70"]
[EventDate "2023.07.12"]
[EventType "swiss"]
[EventRounds "10"]
[EventCountry "KGZ"]
[SourceTitle "CBM 215 Extra"]
[Source "ChessBase"]
[SourceDate "2023.09.30"]
[SourceVersion "1"]
[SourceVersionDate "2023.09.30"]
[SourceQuality "1"]

1. e4 c5 2. Nf3 Nc6 3. d4 cxd4 4. Nxd4 Qb6 5. Nb3 Nf6 6. Nc3 e6 7. Be3 Qc7 8. f4 d6 9. g4 h6 10. Qf3 a6 11. Bg2 Be7 12. 0-0 g5 13. e5 Nd7 14. exd6 Bxd6 15. fxg5 Bxh2+ 16. Kh1 Nde5 17. Qh3 Nxg4 18. Qxg4 hxg5 19. Bh3 Ne5 20. Qxg5 b6 21. Ne4 Bb7 22. Nbd2 Rxh3 23. Qg8+ Kd7 24. Rxf7+ Nxf7 25. Qxf7+ Kc8 26. Qg8+ Qd8 27. Qxd8+ Kxd8 28. Bxb6+ Bc7+ 29. Kg2 Rh2+ 30. Kg1 Re2 31. Kf1 Rxe4 32. Bxc7+ Kxc7 33. Nxe4 Bxe4 34. Re1 Bf5 35. Ke2 Rh8 0-1

[Event "Titled Tuesday intern op 16th Nov"]
[Site "Chess.com INT"]
[Date "2021.11.16"]
[Round "4"]
[White "Sasikiran, Krishnan"]
[Black "Pakhomov, Egor"]
[Result "1-0"]
[WhiteElo "2640"]
[BlackElo "2444"]
[PlyCount "81"]
[EventDate "2021.11.16"]
[EventType "swiss (blitz)"]
[EventRounds "11"]
[EventCountry "USA"]
[SourceTitle "CBM 205 Extra"]
[Source "ChessBase"]
[SourceDate "2022.01.31"]
[SourceVersion "1"]
[SourceVersionDate "2022.01.31"]
[SourceQuality "1"]

1. d4 d5 2. c4 c6 3. Nf3 Nf6 4. Nc3 dxc4 5. a4 Bf5 6. Ne5 Nbd7 7. Nxc4 Qc7 8. g3 e5 9. dxe5 Nxe5 10. Bf4 Nfd7 11. Bg2 f6 12. 0-0 Be6 13. Nxe5 Nxe5 14. a5 a6 15. Qc2 Bb4 16. Ne4 0-0 17. Nc5 Bf7 18. Ra4 Bxc5 19. Qxc5 Rfe8 20. Rd4 Rad8 21. Rfd1 Rxd4 22. Rxd4 h6 23. h4 Qe7 24. Qxe7 Rxe7 25. b4 Ng6 26. Be3 Ne5 27. Rd8+ Kh7 28. Bc5 Rd7 29. Rxd7 Nxd7 30. Bh3 Be8 31. e4 g6 32. f4 Kg7 33. Kf2 Kf7 34. Ke3 h5 35. Kd4 Kg7 36. e5 fxe5+ 37. fxe5 g5 38. hxg5 Kg6 39. e6 Nxc5 40. bxc5 Kxg5 41. Ke5 1-0